Science Quiz

Random Science or Alphabet Quiz

Closest Planet to the Sun Containing Each Letter Quiz Stats

 Plays Quiz Updated May 29, 2018

Challenge
Share
Tweet
Embed
Score 0/15 Timer 01:00
0 Plays Today
Letter Planet % Correct
C???
94.3%
H???
90.8%
J???
90.3%
A???
87.6%
I???
85.9%
M???
85.7%
E???
80.8%
N???
77.8%
Letter Planet % Correct
R???
77%
P???
72.1%
S???
69.2%
T???
68.2%
V???
66.2%
Y???
59.6%
U???
54%

You're not logged in!

Compare scores with friends on all Sporcle quizzes.
Join for Free
OR
Log In

You Might Also Like...

Show Comments

Extras

Top Quizzes Today


Score Distribution

Your Account Isn't Verified!

In order to create a playlist on Sporcle, you need to verify the email address you used during registration. Go to your Sporcle Settings to finish the process.

Report this User

Report this user for behavior that violates our Community Guidelines.

Details: